Merciless. #3 / Richard Montanari.
Available copies
- 1 of 1 copy available at LARL/NWRL Consortium.
Current holds
0 current holds with 1 total copy.
Show Only Available Copies
| Location | Call Number / Copy Notes | Barcode | Shelving Location | Status | Due Date |
|---|---|---|---|---|---|
| Roseau Public Library | MON (Text) | 35500004083604 | Main | Available | - |
Record details
- ISBN: 9780345492401 (acid-free paper)
- ISBN: 0345492404 (acid-free paper)
- Physical Description: 402 p. ; 25 cm.
- Edition: 1st ed.
- Publisher: New York : Ballantine Books, 2007.
Search for related items by subject
| Subject: | Police > Pennsylvania > Philadelphia > Fiction. Serial murders > Fiction. Philadelphia (Pa.) > Fiction. |
| Genre: | Suspense fiction. Mystery fiction. |
Search for related items by series
| LDR | 01075nam a22003378a 4500 | ||
|---|---|---|---|
| 001 | 82093 | ||
| 003 | LARL_NWRL_CONSORTIUM | ||
| 005 | 20190226154836.0 | ||
| 008 | 070330s2007 nyu 000 1 eng | ||
| 010 | . | ‡a2007013644 | |
| 020 | . | ‡a9780345492401 (acid-free paper) | |
| 020 | . | ‡a0345492404 (acid-free paper) | |
| 035 | . | ‡a(OCoLC)122309581 | |
| 040 | . | ‡aDLC ‡cDLC ‡dBAKER ‡dBTCTA | |
| 043 | . | ‡an-us-pa | |
| 082 | 0 | 0. | ‡a813/.54 ‡222 |
| 100 | 1 | . | ‡aMontanari, Richard. ‡0(LARL_NWRL_CONSORTIUM)117153 |
| 245 | 1 | 0. | ‡aMerciless. ‡n#3 / ‡cRichard Montanari. |
| 250 | . | ‡a1st ed. | |
| 260 | . | ‡aNew York : ‡bBallantine Books, ‡c2007. | |
| 300 | . | ‡a402 p. ; ‡c25 cm. | |
| 490 | 0 | . | ‡aJessica Balzano and Kevin Byrne ; ‡v3 |
| 650 | 0. | ‡aPolice ‡zPennsylvania ‡zPhiladelphia ‡vFiction. ‡0(LARL_NWRL_CONSORTIUM)174210 | |
| 650 | 0. | ‡aSerial murders ‡vFiction. ‡0(LARL_NWRL_CONSORTIUM)167273 | |
| 651 | 0. | ‡aPhiladelphia (Pa.) ‡vFiction. ‡0(LARL_NWRL_CONSORTIUM)166612 | |
| 655 | 7. | ‡aSuspense fiction. ‡2gsafd | |
| 655 | 7. | ‡aMystery fiction. ‡2gsafd | |
| 901 | . | ‡a82093 ‡bOCLC ‡c82093 ‡tbiblio | |

Add to basket
Permalink
Disable Highlighting